[Event "Challenge"]
[Site "http://www.queenalice.com/game.php?id=1096666"]
[Date "2012.8.26"]
[Round "-"]
[White "stefan0611"]
[Black "constantin"]
[Result "0-1"]
[WhiteElo "1692"]
[BlackElo "1630"]

1. d4 d5 2. Nf3 Nc6 3. Bf4 h6 4. h4 Bg4 5. Nbd2 Bxf3 6. Nxf3 e6 7. c3 a6 8. e3
Bd6 9. Be5 Bxe5 10. Nxe5 Nxe5 11. dxe5 Ne7 12. Bd3 Nc6 13. f4 Qe7 14. Qc2 Qc5
15. Qd2 Ne7 16. b4 Qa7 17. e4 O-O-O 18. O-O-O dxe4 19. Qc2 exd3 20. Rxd3 Rxd3
21. Qxd3 Nf5 22. g4 Rd8 23. Qxd8+ Kxd8 24. Rd1+ Ke7 0-1

[Event "Challenge"]
[Site "http://www.queenalice.com/game.php?id=1100847"]
[Date "2012.9.8"]
[Round "-"]
[White "MsJARDEAN"]
[Black "stefan0611"]
[Result "0-1"]
[WhiteElo "1698"]
[BlackElo "1704"]

1. e4 c5 2. Bc4 Nc6 3. d3 Nf6 4. c3 e6 5. Nf3 d5 6. exd5 exd5 7. Bb3 Be7 8. O-O
Bg4 9. h3 Bh5 10. g4 Bg6 11. c4 O-O 12. a3 dxc4 13. dxc4 Na5 14. Bd2 Nxb3 15.
Qxb3 b6 16. Bg5 h6 17. Bxf6 Bxf6 18. Nbd2 Re8 19. Rae1 Qc7 20. Rxe8+ Rxe8 21. h4
Qf4 22. g5 hxg5 23. hxg5 Bxg5 24. Nxg5 Qxg5+ 25. Kh2 Re5 26. Nf3 Qf4+ 27. Kh1
Be4 28. Rg1 Bxf3+ 29. Rg2 Qc1+ 30. Kh2 Qf4+ 0-1

[Event "Challenge"]
[Site "http://www.queenalice.com/game.php?id=1102618"]
[Date "2012.9.13"]
[Round "-"]
[White "Andrei_78"]
[Black "stefan0611"]
[Result "1-0"]
[WhiteElo "1636"]
[BlackElo "1719"]

1. e4 c5 2. Bc4 Nc6 3. Ne2 Nf6 4. a3 e5 5. Ng3 d6 6. h3 d5 7. exd5 Nxd5 8. Qf3
Be6 9. c3 Be7 10. Bb5 O-O 11. Bxc6 bxc6 12. O-O Nf4 13. d3 Bd5 14. Ne4 Bg5 15.
Bxf4 Bxf4 16. c4 Bxe4 17. dxe4 Rb8 18. Nc3 Rxb2 19. Na4 Rc2 20. Rfd1 Qa5 21. Qb3
Rd2 22. Nc3 g6 23. g3 Rxd1+ 24. Rxd1 Bg5 25. h4 Bf6 26. Rd6 Kg7 27. Rxc6 Be7 28.
Kg2 Qd8 29. Nd5 Bd6 30. Qb7 a5 31. Qb2 Be7 32. Qxe5+ Kg8 33. Nxe7+ 1-0

[Event "Challenge"]
[Site "http://www.queenalice.com/game.php?id=1102760"]
[Date "2012.9.14"]
[Round "-"]
[White "constantin"]
[Black "stefan0611"]
[Result "0-1"]
[WhiteElo "1631"]
[BlackElo "1674"]

1. e4 c5 2. Bc4 Nc6 3. c3 e6 4. Nf3 Nf6 5. d3 d5 6. exd5 exd5 7. Bb5 Bd7 8. Bxc6
Bxc6 9. Bg5 Be7 10. Qe2 O-O 11. O-O Re8 12. Qc2 d4 13. c4 Bxf3 14. gxf3 Nh5 15.
Bxe7 Qxe7 16. Qd2 Qd6 17. Qg5 Nf4 18. Nd2 Nh3+ 0-1

[Event "Challenge"]
[Site "http://www.queenalice.com/game.php?id=1103263"]
[Date "2012.9.15"]
[Round "-"]
[White "Andrei_78"]
[Black "stefan0611"]
[Result "0-1"]
[WhiteElo "1654"]
[BlackElo "1700"]

1. e4 e5 2. Nf3 Nf6 3. d3 Nc6 4. a3 d6 5. Bg5 Be7 6. h3 O-O 7. Nc3 a6 8. Be2 Nd4
9. O-O Nxf3+ 10. Bxf3 h6 11. Bxf6 Bxf6 12. Nd5 Be6 13. Nxf6+ Qxf6 14. c4 b5 15.
cxb5 axb5 16. Rc1 c5 17. Qc2 Rfc8 18. Qe2 c4 19. Qe3 cxd3 20. Qxd3 Bc4 21. Qd2
Bxf1 22. Rxf1 Rc7 23. Qe2 Rac8 24. Qxb5 Qf4 25. Qd3 Rc1 26. g3 Rxf1+ 27. Kxf1
Qc1+ 28. Kg2 Qxb2 29. Qxd6 Rc2 30. Qd8+ Kh7 31. h4 Rxf2+ 32. Kh3 Rxf3 33. Qd7
Qxa3 34. Kg2 Rxg3+ 35. Kf2 Qf3+ 36. Ke1 Rg1+ 37. Kd2 Rg2+ 38. Kc1 Qc3+ 39. Kd1
Qa1# 0-1

[Event "Challenge"]
[Site "http://www.queenalice.com/game.php?id=1105509"]
[Date "2012.9.22"]
[Round "-"]
[White "stefan0611"]
[Black "micbodu75"]
[Result "1-0"]
[WhiteElo "1688"]
[BlackElo "1684"]

1. d4 d5 2. c4 Nf6 3. Nc3 Nc6 4. Nf3 e6 5. e3 g6 6. Bd3 Bd6 7. c5 Be7 8. O-O O-O
9. h3 b6 10. Ne5 Nb4 11. Bb5 Bb7 12. a3 a6 13. axb4 axb5 14. Rxa8 Bxa8 15. c6
Bxb4 16. Nxb5 Bd6 17. Qc2 Bxe5 18. dxe5 Ne4 19. f3 Ng3 20. Rd1 Qe7 21. b3 Qb4
22. Nxc7 Qc5 23. Qf2 Qxc6 24. Nxa8 Rxa8 25. Qxg3 Qc2 26. Qe1 Qxb3 27. e4 Ra5 28.
Bh6 Qb2 29. Rc1 Rc5 30. Rxc5 bxc5 31. Qa5 Qb8 32. Qxc5 dxe4 33. fxe4 f5 34. exf6
Kf7 35. Qe7+ 1-0

[Event "Challenge"]
[Site "http://www.queenalice.com/game.php?id=1109304"]
[Date "2012.10.4"]
[Round "-"]
[White "stefan0611"]
[Black "constantin"]
[Result "1-0"]
[WhiteElo "1749"]
[BlackElo "1667"]

1. d4 d5 2. c4 dxc4 3. e4 b5 4. Nc3 a6 5. a3 e6 6. Nf3 f6 7. b3 b4 8. axb4 Bxb4
9. Bb2 Bb7 10. Nd2 Nh6 11. Bxc4 Qe7 12. O-O Qd6 13. d5 e5 14. Ndb1 Nd7 15. Ba3
Bc5 16. Bxc5 Qxc5 17. Na4 Qd6 18. Nbc3 g6 19. Rb1 O-O-O 20. b4 Nb6 21. Nxb6+
Qxb6 22. Qa4 Rd6 23. b5 Kd8 24. bxa6 Bxa6 25. Rxb6 Rxb6 26. Bxa6 Ke7 27. Nb5 c6
28. Nc7 Kd6 29. Ne6 Ra8 30. Qa3+ Kd7 31. Nc5+ Ke8 32. Ne6 Kd7 33. Bc8+ Kxc8 34.
Qxa8+ Rb8 35. Qxc6# 1-0

[Event "Challenge"]
[Site "http://www.queenalice.com/game.php?id=1109841"]
[Date "2012.10.6"]
[Round "-"]
[White "Aspayne"]
[Black "stefan0611"]
[Result "1-0"]
[WhiteElo "1700"]
[BlackElo "1720"]

1. e4 c5 2. Nc3 Nc6 3. g3 d6 4. Bg2 e5 5. Nge2 Nf6 6. O-O Be7 7. b3 Be6 8. Nd5
O-O 9. Nxe7+ Qxe7 10. Bb2 d5 11. Nc3 d4 12. Nd5 Qd8 13. Nxf6+ Qxf6 14. f4 exf4
15. Rxf4 Qg5 16. d3 Ne7 17. Bc1 Qh6 18. Rxf7 g5 19. Rxe7 Bh3 20. Qd2 Bxg2 21.
Kxg2 Rf7 22. Qxg5+ Qg6 23. Rxf7 Kxf7 24. Qxg6+ hxg6 25. Bf4 Rg8 26. Rf1 Ke6 27.
h4 b5 28. Bg5 Kd7 29. Rf7+ Ke6 30. Rxa7 1-0

[Event "Challenge"]
[Site "http://www.queenalice.com/game.php?id=1112808"]
[Date "2012.10.15"]
[Round "-"]
[White "Andrei_78"]
[Black "stefan0611"]
[Result "1-0"]
[WhiteElo "1611"]
[BlackElo "1782"]

1. e4 c5 2. c4 Nc6 3. a3 d6 4. Nf3 Bg4 5. Be2 Nf6 6. h3 Bxf3 7. Bxf3 e6 8. O-O
d5 9. cxd5 exd5 10. exd5 Nxd5 11. d3 Be7 12. Qb3 Nf4 13. Bxf4 Nd4 14. Qd1 O-O
15. Bxb7 Nf5 16. Bxa8 Qxa8 17. Qg4 Nh4 18. Re1 Qb7 19. Be5 Ng6 20. Bc3 Rd8 21.
Re3 Bd6 22. Nd2 Be5 23. Bxe5 Nxe5 24. Rxe5 f6 25. Qe6+ Kf8 26. b3 1-0

[Event "Challenge"]
[Site "http://www.queenalice.com/game.php?id=1114130"]
[Date "2012.10.19"]
[Round "-"]
[White "Lazarus"]
[Black "stefan0611"]
[Result "0-1"]
[WhiteElo "1795"]
[BlackElo "1714"]

1. e4 c5 2. d4 e6 3. Bc4 Nc6 4. Nf3 Nf6 5. Be3 Nxe4 6. O-O d5 7. Bb3 cxd4 8.
Nxd4 Nxd4 9. Bxd4 Bc5 10. Nc3 Nxc3 11. Bxc3 O-O 12. Qg4 e5 13. Bxe5 Bxg4 0-1

[Event "Challenge"]
[Site "http://www.queenalice.com/game.php?id=1114131"]
[Date "2012.10.19"]
[Round "-"]
[White "stefan0611"]
[Black "Lazarus"]
[Result "1-0"]
[WhiteElo "1733"]
[BlackElo "1738"]

1. d4 Nf6 2. c4 e6 3. Nc3 Nc6 4. e3 Bb4 5. Bd2 O-O 6. Nf3 b6 7. Bd3 Bb7 8. O-O
d6 9. d5 exd5 10. cxd5 Ne7 11. e4 c6 12. Bg5 cxd5 13. exd5 Nfxd5 14. Nxd5 f6 15.
Nxe7+ Qxe7 16. Bd2 Bc5 17. Re1 Qf7 18. Bc4 d5 19. Bb3 d4 20. Bxf7+ Rxf7 21. Qb3
Bxf3 22. Qxf3 Rc8 23. b4 Bd6 24. Qd5 Be5 25. Rac1 1-0

[Event "Let's Play Chess!"]
[Site "http://www.queenalice.com/game.php?id=1116477"]
[Date "2012.10.27"]
[Round "-"]
[White "ulisses67"]
[Black "stefan0611"]
[Result "0-1"]
[WhiteElo "1385"]
[BlackElo "1762"]

1. e4 c5 2. Qh5 Nf6 3. Qxc5 Nxe4 4. Qd5 Nf6 5. Qf3 Nc6 6. Ne2 b6 7. d4 Bb7 8.
Nd2 Nxd4 9. Qg3 Nxc2+ 10. Kd1 Nxa1 11. Nf4 Ne4 12. Nxe4 Bxe4 13. Qe3 Bb7 14. Bb5
Rc8 15. Ke2 e6 16. Bd3 Nc2 17. Qe5 Rc5 18. Nd5 Bxd5 19. Rd1 Bf3+ 20. gxf3 Rxe5+
21. Kf1 Rc5 0-1

[Event "Challenge"]
[Site "http://www.queenalice.com/game.php?id=1117465"]
[Date "2012.10.30"]
[Round "-"]
[White "stefan0611"]
[Black "micbodu75"]
[Result "1-0"]
[WhiteElo "1759"]
[BlackElo "1669"]

1. d4 Nf6 2. c4 e6 3. Nf3 b6 4. Nc3 Nc6 5. a3 Bb7 6. d5 exd5 7. cxd5 Ne7 8. e4
c5 9. Bc4 g6 10. O-O Bg7 11. e5 Nfxd5 12. Nxd5 Nc6 13. Nf6+ Bxf6 14. exf6 O-O
15. Re1 Re8 16. Rxe8+ Qxe8 17. Ng5 Qe5 18. Nxf7 Qxf6 19. Nh6+ Kg7 20. Qxd7+ Qe7
21. Be6 Rd8 22. Qxe7+ Nxe7 23. Bg5 Rd6 24. Bg4 Nf5 25. Bxf5 Rd5 26. g4 gxf5 27.
Nxf5+ Kf7 28. Re1 Rxf5 29. gxf5 Bd5 30. Re7+ Kf8 31. f6 a6 32. Bh6+ Kg8 33. Rd7
Be6 34. f7+ 1-0

[Event "Challenge"]
[Site "http://www.queenalice.com/game.php?id=1118996"]
[Date "2012.11.4"]
[Round "-"]
[White "pacou93"]
[Black "stefan0611"]
[Result "1-0"]
[WhiteElo "1790"]
[BlackElo "1750"]

1. e4 c5 2. Nf3 Nc6 3. d4 cxd4 4. Nxd4 Nxd4 5. Qxd4 e6 6. Nc3 Nf6 7. Bd3 g6 8.
O-O Bg7 9. Qb4 b6 10. Bg5 Bf8 11. Qd4 Be7 12. Bh6 Rg8 13. Bd2 Bb7 14. e5 Nd5 15.
Be4 Nxc3 16. Bxc3 Bxe4 17. Qxe4 Rc8 18. a4 a5 19. f4 d6 20. exd6 Bxd6 21. f5
Bc5+ 22. Kh1 Bb4 23. Bxb4 axb4 24. b3 gxf5 25. Rxf5 Rg5 26. Rxg5 Qxg5 27. Qxh7
1-0

[Event "NST"]
[Site "http://www.queenalice.com/game.php?id=1120122"]
[Date "2012.11.7"]
[Round "-"]
[White "stefan0611"]
[Black "MsJARDEAN"]
[Result "0-1"]
[WhiteElo "1771"]
[BlackElo "1654"]

1. d4 d5 2. c4 Nf6 3. Nc3 e6 4. e3 c5 5. Nf3 Nc6 6. Be2 b6 7. O-O Bd6 8. Qa4 Bd7
9. cxd5 exd5 10. Bb5 Qc7 11. Re1 O-O 12. Bxc6 Bxc6 13. Nb5 Bxb5 14. Qxb5 Ng4 15.
g3 Rfe8 16. b3 f5 17. h3 Nxf2 18. Ne5 Bxe5 19. dxe5 Qxe5 20. Kxf2 Qxa1 21. a4
Rad8 22. Kf1 d4 23. Qe2 d3 0-1